| LEADER |
00829nam0a2200205 450 |
| 001 |
16838080 |
| 010 |
|
|
|a 978-2-37273-078-5
|b cart.
|d 14
|
| 100 |
|
|
|a 20181210d2019 u u0frey01 ba
|
| 101 |
1 |
|
|a fre
|c eng
|
| 102 |
|
|
|a FR
|
| 200 |
0 |
|
|a éléphant (L')
|f Jenni Desmond
|g traduit de l'anglais par Ilona Meyer
|
| 207 |
|
1 |
|a
|
| 210 |
|
|
|a Paris
|c Editions des éléphants
|d 2019
|
| 215 |
|
|
|a 48 p.
|c illustrations en couleur
|d 30 cm
|
| 330 |
|
|
|a Ce documentaire apporte des informations variées sur les éléphants et souligne la nécessité de protéger cette espèce menacée. Electre 2019
|
| 700 |
|
0 |
|a Desmond
|b Jenni
|4 70
|
| 702 |
|
0 |
|a Meyer
|b Ilona
|4 730
|
| 900 |
|
|
|a Documentaire jeunesse
|
| 901 |
|
|
|a Accessible au prêt
|
| 995 |
|
|
|a Bibliothèque
|c Bibliothèque
|f 00156010969178
|h 00156010969178
|k E 599.6 ELE
|o p
|q j
|r az
|e Bibliothèque
|